Stolice państw europejskich (EASY) - Statystyki

Ogólne statystyki
  • Ten quiz został rozwiązany 241 razy
  • Średni wynik to 12 z 15
Statystyki odpowiedzi
Kraj Stolica % Poprawnych
Niemcy Berlin
100%
Polska Warszawa
100%
Hiszpania Madryt
95%
Francja Paryż
92%
Grecja Ateny
90%
Portugalia Lizbona
84%
Litwa Wilno
80%
Węgry Budapeszt
78%
Norwegia Oslo
78%
Finlandia Helsinki
74%
Dania Kopenhaga
74%
Białoruś Mińsk
71%
Szwecja Sztokholm
67%
Łotwa Ryga
66%
Rosja Mokswa
34%
Nie znaleziono quizów pasujących do podanych kryteriów
Rozkład punktacji
Procent ludzi z każdym wynikiem
Percentyl według liczby udzielonych odpowiedzi
Twoja historia wyników
Nie rozwiązałeś tego quizu